[Event "Hoogovens-B"]
[Site "Wijk aan Zee"]
[Date "1975.??.??"]
[Round "13"]
[White "Timman, Ton"]
[Black "Weinstein, Norman"]
[Result "1/2-1/2"]
[WhiteElo "2385"]
[BlackElo "2465"]

1.e4 c5 2.Nf3 Nc6 3.d4 cxd4 4.Nxd4 Nf6 5.Nc3 d6 6.Bg5 e6 7.Qd2 a6 8.O-O-O Bd7
9.f4 Be7 10.Nf3 b5 11.Bxf6 gxf6 12.f5 Qb6 13.Ne2 Qf2 14.Nf4 Qxd2+ 15.Nxd2 Rc8
16.g4 Bf8 17.Nh5 Ke7 18.Nf3 Bh6+ 19.Kb1 Ne5 20.Nxe5 dxe5 21.c3 Bc6 22.Bg2 Rhg8
23.Bf3 exf5 24.gxf5 Rcd8 25.Kc2 Be3 26.Ng3 a5 27.Rxd8 Rxd8 28.Rd1 Rb8 29.b4 Bb7
30.Kb3 axb4 31.cxb4 Rc8 32.Ne2 Bc6 33.Rd3 Bb6 34.Rc3 Kd6 35.Ng3 Bd4 36.Rc2 Be3
37.Bh5 Rf8 38.Bf3 Rc8  1/2-1/2

[Event "Capablanca mem-C 13th"]
[Site "Cienfuegos"]
[Date "1976.05.23"]
[Round "7"]
[White "Jimenez Zerquera, Eleazar"]
[Black "Ferrera, Benjamin"]
[Result "1/2-1/2"]
[WhiteElo "2375"]
[BlackElo "2375"]

1.e4 c5 2.Nf3 Nc6 3.d4 cxd4 4.Nxd4 Nf6 5.Nc3 d6 6.Bg5 e6 7.Qd2 Bd7 8.O-O-O a6
9.f4 h6 10.Bh4 b5 11.Nxc6 Bxc6 12.Bd3  1/2-1/2

[Event "BCF-ch"]
[Site "Portsmouth"]
[Date "1976.08.16"]
[Round "7"]
[White "Pigott, John C"]
[Black "Bellin, Robert"]
[Result "0-1"]
[WhiteElo "2380"]
[BlackElo "2360"]

1.e4 c5 2.Nf3 d6 3.d4 cxd4 4.Nxd4 Nf6 5.Nc3 Nc6 6.Bg5 e6 7.Qd2 a6 8.O-O-O Bd7
9.f3 h6 10.Be3 b5 11.Bd3 Be7 12.Kb1 b4 13.Nce2 d5 14.exd5 Nxd5 15.Be4 Ne5
16.Bxd5 exd5 17.Bf4 Nc4 18.Qc1 O-O 19.Ng3 Qb6 20.Nh5 Rfe8 21.Bg3 Bc5 22.Bf2 Rac8
23.Nf4 Be6 24.Rhe1 a5 25.Bg1 Bd7 26.Nxd5 Qb7 27.Nf4 a4 28.Nd3 Be7 29.Qf4 Bg5
30.Qg3 Bf6 31.h4 a3 32.b3 Nb6 33.Nxb4 Na4 34.Rxe8+ Bxe8  0-1

[Event "Agard"]
[Site "Agard"]
[Date "1976.??.??"]
[Round "5"]
[White "Paoli, Enrico"]
[Black "Bielczyk, Jacek"]
[Result "1/2-1/2"]
[WhiteElo "2265"]
[BlackElo "2375"]

1.e4 c5 2.Nf3 Nc6 3.d4 cxd4 4.Nxd4 Nf6 5.Nc3 d6 6.Bg5 e6 7.Qd2 a6 8.O-O-O h6
9.Be3 Bd7 10.f4 b5 11.Bd3 Be7 12.h3 Nxd4 13.Bxd4 Bc6 14.Rhe1 O-O 15.g4 b4
16.Nb1 d5 17.e5 Ne4 18.Bxe4 dxe4 19.c4 bxc3 20.Nxc3 Qa5 21.Kb1 Bb4 22.a3 Bxc3
23.Qxc3 Qxc3 24.Bxc3 Rfd8 25.Kc2 Bd5 26.Rd4 Rdc8 27.Kd2 Rab8 28.Rb4 Rb5 29.Rxb5 axb5
30.Ke3 Kf8 31.Rd1 Ke8 32.Rd4 Kd7 33.Rb4 Kc6 34.a4 bxa4 35.Rxa4 Kb7 36.Bd4 Ra8
37.Rxa8 Kxa8 38.f5 exf5 39.gxf5 Kb7 40.Bc5 g6 41.Bf8  1/2-1/2

[Event "Agard"]
[Site "Agard"]
[Date "1976.??.??"]
[Round "11"]
[White "Fichtl, Jiri"]
[Black "Bielczyk, Jacek"]
[Result "0-1"]
[WhiteElo "2345"]
[BlackElo "2375"]

1.e4 c5 2.Nf3 Nc6 3.d4 cxd4 4.Nxd4 Nf6 5.Nc3 d6 6.Bg5 e6 7.Qd2 a6 8.O-O-O h6
9.Bf4 Bd7 10.Nxc6 Bxc6 11.f3 d5 12.exd5 Nxd5 13.Nxd5 Qxd5 14.Qxd5 Bxd5 15.Kb1 O-O-O
16.Be2 Be7 17.c4 Bc6 18.Kc2 Rxd1 19.Rxd1 g5 20.Be5 f6 21.Bd6 Bxd6 22.Rxd6 e5
23.b4 Kc7 24.Rd3 h5 25.Kb3 e4 26.Re3 f5 27.fxe4 f4 28.Rf3 g4 29.Rf2 Bxe4
30.h3 Re8 31.a4 Bf5 32.b5 Kb6 33.bxa6 bxa6 34.c5+ Kxc5 35.Bxa6 Re3+ 36.Kb2 Be4
37.Be2 Rg3 38.Bf1 Kb4 39.Kc1 Ra3 40.Kd1 Kc3 41.Bb5 Ra1+  0-1

[Event "Banja Luka"]
[Site "Banja Luka"]
[Date "1976.??.??"]
[Round "1"]
[White "Planinec, Albin"]
[Black "Mihaljcisin, Mihajlo"]
[Result "1/2-1/2"]
[WhiteElo "2485"]
[BlackElo "2325"]

1.e4 c5 2.Nf3 Nc6 3.d4 cxd4 4.Nxd4 Nf6 5.Nc3 d6 6.Bg5 e6 7.Qd2 Be7 8.O-O-O O-O
9.f4 h6 10.Bh4 e5 11.Nf5 Bxf5 12.exf5 Qa5 13.Kb1 Rad8 14.Be1 exf4 15.g4 d5
16.Bb5 Qb6 17.Bf2 Qa5 18.Be1 Qb6  1/2-1/2

[Event "Banja Luka"]
[Site "Banja Luka"]
[Date "1976.??.??"]
[Round "4"]
[White "Lombardy, William James"]
[Black "Hort, Vlastimil"]
[Result "1/2-1/2"]
[WhiteElo "2520"]
[BlackElo "2600"]

1.e4 c5 2.Nf3 Nc6 3.d4 cxd4 4.Nxd4 Nf6 5.Nc3 d6 6.Bg5 e6 7.Qd2 a6 8.O-O-O Bd7
9.g3 Rc8 10.Nxc6 Bxc6 11.Bg2 h6 12.Bxf6 Qxf6 13.Rhe1 Qd8 14.Qd4 Qa5 15.f4 Rd8
16.Re3 Qc5 17.Qd2 Be7 18.h4 O-O 19.Kb1 Rfe8 20.Rd3 b5 21.Ne2 b4 22.Nd4 Ba8
23.g4 Bxh4 24.Rh1 Bf6 25.g5 Bxd4 26.Rxd4 hxg5 27.fxg5 g6 28.Rxb4 Rb8 29.Rd4 Qe5
30.b3 Red8 31.Ra4 Rb5 32.Rxa6 Qxg5 33.Qc3 Re5 34.Qh3 Qh5 35.Qe3 Qg4 36.Bf3 Qg5
37.Qd4 d5 38.exd5 Bxd5 39.Bxd5 Rdxd5 40.Ra8+ Kg7 41.Qb4  1/2-1/2

[Event "WchT U26 prel-2"]
[Site "Caracas"]
[Date "1976.??.??"]
[Round "2"]
[White "Kaplan, Julio P"]
[Black "Lau, Carlos"]
[Result "1/2-1/2"]
[WhiteElo "2450"]
[BlackElo "2265"]

1.e4 c5 2.Nf3 d6 3.d4 cxd4 4.Nxd4 Nf6 5.Nc3 Nc6 6.Bg5 e6 7.Qd2 a6 8.O-O-O Bd7
9.f4 h6 10.Bh4 Be7 11.Nf3 Qc7 12.e5 dxe5 13.fxe5 Nd5 14.Nxd5 exd5 15.Bxe7 Nxe7
16.Bd3 Be6 17.Kb1 O-O-O 18.Qf2 Nc6 19.Rhe1 Qa5 20.a3 Kb8 21.Nd4 Qb6 22.Nxc6+ Qxc6
23.Qd4 Rc8 24.c3 Qc7 25.Qb4 Ka8 26.Bc2 Qd8 27.Bb3 Qg5 28.Bxd5 Bxd5 29.Rxd5 Qxg2
30.Rd7 Rhd8 31.Qd4 Rxd7 32.Qxd7 Qg6+  1/2-1/2

[Event "WchT U26 fin-A"]
[Site "Caracas"]
[Date "1976.??.??"]
[Round "6"]
[White "Peters, John A"]
[Black "Bielczyk, Jacek"]
[Result "1/2-1/2"]
[WhiteElo "2370"]
[BlackElo "2375"]

1.e4 c5 2.Nf3 Nc6 3.d4 cxd4 4.Nxd4 Nf6 5.Nc3 d6 6.Bg5 e6 7.Qd2 a6 8.O-O-O h6
9.Be3 Bd7 10.f3 b5 11.Bd3 Qa5 12.Kb1 Rc8 13.Nb3 Qc7 14.f4 Nb4 15.Be2 Bc6
16.Bf3 Bb7 17.a3 Nc6 18.Rhe1 Be7 19.Qf2 Nd7 20.Qg3 Bf6 21.e5 dxe5 22.Rxd7 Qxd7
23.Nc5 Qe7 24.fxe5 Nxe5 25.Bxb7 Rxc5 26.Bxc5 Qxc5 27.Bxa6 Ke7 28.Bxb5 Rd8
29.a4 Nc4 30.Bxc4 Qxc4 31.Ne4 Qxa4 32.Qc7+ Qd7 33.Qc5+ Ke8 34.Nxf6+ gxf6
35.Qh5 Qd5 36.Qxh6 Qxg2 37.Qxf6 Qxh2 38.Rf1 Qh5 39.b3 Rd1+ 40.Rxd1 Qxd1+
41.Kb2  1/2-1/2

[Event "DDR-ch (Women)"]
[Site "Groeditz"]
[Date "1976.??.??"]
[Round "3"]
[White "Worch, Marion"]
[Black "Camin, Gesine"]
[Result "1-0"]
[WhiteElo "2075"]
[BlackElo "1945"]

1.e4 c5 2.Nf3 Nc6 3.d4 cxd4 4.Nxd4 Nf6 5.Nc3 d6 6.Bg5 e6 7.Qd3 a6 8.Rd1 Be7
9.Be2 O-O 10.O-O d5 11.exd5 Nb4 12.Qg3 Nbxd5 13.Nf5 exf5 14.Bxf6 Nxf6 15.Rxd8 Rxd8
16.Bf3 h6 17.Qc7 Kf8 18.Rd1 Rxd1+ 19.Nxd1 Ne8 20.Qb6 Nd6 21.Ne3 Be6 22.b3 a5
23.c4 a4 24.h3 axb3 25.axb3 Ra1+ 26.Kh2 Ra6 27.Qd4 b6 28.Bd5 Bf6 29.Qf4 Ke7
30.Bb7 g5 31.Nd5+  1-0

[Event "DDR-ch (Women)"]
[Site "Groeditz"]
[Date "1976.??.??"]
[Round "11"]
[White "Hofmann, Brigitte"]
[Black "Camin, Gesine"]
[Result "1-0"]
[WhiteElo "2195"]
[BlackElo "1945"]

1.e4 c5 2.Nf3 Nc6 3.d4 cxd4 4.Nxd4 Nf6 5.Nc3 d6 6.Bg5 e6 7.f4 Be7 8.Qd2 a6
9.O-O-O Qc7 10.Nf3 O-O 11.g4 Nxg4 12.Bxe7 Nxe7 13.Rg1 Nf6 14.Bd3 Ne8 15.Qg2 f5
16.Qg5 fxe4 17.Bxe4 d5 18.Bxh7+ Kxh7 19.Rg4 Nf5 20.Ne5 Nf6 21.Rgg1 Bd7 22.Ng6 Rf7
23.Rd3 Ng8 24.Ne5 Rf6 25.Ne4 Rh6 26.Qxf5+ exf5 27.Ng5+ Kh8 28.Nef7+  1-0

[Event "Hastings7677"]
[Site "Hastings"]
[Date "1976.??.??"]
[Round "5"]
[White "Damjanovic, Mato"]
[Black "Tarjan, James Edward"]
[Result "1/2-1/2"]
[WhiteElo "2430"]
[BlackElo "2505"]

1.e4 c5 2.Nf3 Nc6 3.d4 cxd4 4.Nxd4 Nf6 5.Nc3 d6 6.Bg5 e6 7.Qd2 a6 8.O-O-O Be7
9.Bxf6 gxf6 10.f4 Bd7 11.f5 Nxd4 12.Qxd4 Qa5 13.Kb1 Qc5 14.Qd2 O-O-O 15.Be2 Rhg8
16.Bh5 Rg7 17.Rhf1 Kb8 18.g4 Bf8 19.fxe6 fxe6 20.Rxf6 Be7 21.Rf3 Bc6 22.a3 Qe5
23.Qf2 Rgg8 24.h4 Rdf8 25.Rdd3 h6 26.Qe2 Rf6 27.Rxf6 Qxf6 28.Qe3  1/2-1/2

[Event "Kallithea"]
[Site "Kallithea"]
[Date "1976.??.??"]
[Round "1"]
[White "Lengyel, Bela"]
[Black "Paoli, Enrico"]
[Result "1-0"]
[WhiteElo "2300"]
[BlackElo "2265"]

1.e4 c5 2.Nf3 Nc6 3.d4 cxd4 4.Nxd4 Nf6 5.Nc3 d6 6.Bg5 e6 7.Bb5 Bd7 8.O-O Be7
9.Re1 O-O 10.Nb3 a6 11.Bf1 Qc7 12.a4 Rac8 13.a5 Ne5 14.f4 Ng6 15.e5 dxe5
16.fxe5 Nd5 17.Nxd5 exd5 18.Bxe7 Nxe7 19.Nd4 Nc6 20.Nxc6 Bxc6 21.Qd4 Rce8
22.Bd3 Re7 23.Re3 g6 24.b4 Bb5 25.Rf1 Rfe8 26.Bxb5 axb5 27.Qxd5 Qxc2 28.Qxb5 Rd8
29.Re2 Qd3 30.Qxd3 Rxd3 31.Rf6 Rb3 32.Rb6 Kf8 33.Kf2 Ke8 34.Rc2 Rd7 35.Ke2 Kd8
36.Rd2 Rxd2+ 37.Kxd2 Kc8 38.Kc2 Re3 39.Rf6 Rxe5 40.Rxf7 Re2+ 41.Kc3 h5 42.b5 Rxg2
43.Kb4 Rc2 44.h4 Rc1 45.Rg7 Kb8 46.Rg8+ Kc7 47.b6+ Kd7 48.Rg7+ Kc8 49.Rxg6 Rh1
50.Rg8+ Kd7 51.Rg7+ Kc8 52.Rc7+ Kb8 53.Rh7 Rxh4+ 54.Kc5 Kc8 55.Rh8+ Kd7 56.a6  1-0

[Event "Kringsja"]
[Site "Oslo"]
[Date "1976.??.??"]
[Round "7"]
[White "Moen, Ole Christian"]
[Black "Spassov, Liuben"]
[Result "1/2-1/2"]
[WhiteElo "2210"]
[BlackElo "2490"]

1.e4 c5 2.Nf3 Nc6 3.d4 cxd4 4.Nxd4 Nf6 5.Nc3 d6 6.Bg5 e6 7.Qd2 a6 8.O-O-O Bd7
9.f3 Be7 10.h4 Nxd4 11.Qxd4 Qa5 12.Bc4 Qc5 13.Bb3 Qxd4 14.Rxd4 Rc8 15.a4 h6
16.Be3 O-O 17.g4 Kh7 18.Rd2 Bc6 19.Ne2 Nd7 20.c3 Nc5 21.Bc2 Kg8 22.g5 h5
23.b3 d5 24.e5 g6 25.Kb2 Rc7 26.Bd4 Rfc8  1/2-1/2

[Event "CSR-ch"]
[Site "Ostrava"]
[Date "1976.??.??"]
[Round "7"]
[White "Sikora Lerch, Jan"]
[Black "Lanc, Alois"]
[Result "1/2-1/2"]
[WhiteElo "2310"]
[BlackElo "2360"]

1.e4 c5 2.Nf3 Nc6 3.d4 cxd4 4.Nxd4 Nf6 5.Nc3 d6 6.Bg5 e6 7.Qd2 Be7 8.O-O-O O-O
9.f4 h6 10.Bh4 d5 11.e5 Nd7 12.Bxe7 Qxe7 13.g4 Nb6 14.h4 f6 15.Nxc6 bxc6
16.g5 f5 17.gxh6 gxh6 18.Rg1+ Kh8 19.Rg6 Kh7 20.Qg2 Bd7 21.Be2 Rg8 22.Rg1 Qf8
23.Nd1 c5 24.Nf2 c4 25.c3 Na4 26.Rxg8 Qxg8 27.Qxg8+ Rxg8 28.Rxg8 Kxg8 29.Bd1 Nc5
30.b3 cxb3 31.axb3 Bb5 32.Kd2 a5 33.Ke3 Bf1 34.Kd4 Ne4 35.Nxe4 dxe4 36.b4 axb4
37.cxb4 Kf8 38.Ba4 Ke7 39.b5 Kd8 40.b6 Ba6 41.Bb3 Kd7 42.Ba4+ Kc8 43.Bc6 Bb7
44.Bb5 Bd5 45.Ba6+ Kb8 46.Bb5  1/2-1/2

[Event "Poznan"]
[Site "Poznan"]
[Date "1976.??.??"]
[Round "8"]
[White "Bednarski, Jacek B"]
[Black "Bielczyk, Jacek"]
[Result "1/2-1/2"]
[WhiteElo "2425"]
[BlackElo "2375"]

1.e4 c5 2.Nf3 d6 3.d4 Nf6 4.Nc3 cxd4 5.Nxd4 Nc6 6.Bg5 e6 7.Qd2 a6 8.O-O-O h6
9.Bf4 Bd7 10.Bg3 Be7 11.Kb1 O-O 12.f3 Rc8 13.Nxc6 Rxc6 14.h4 b5 15.Bd3 e5
16.Bf2 Be6 17.g4 b4 18.Ne2 Qa5 19.Nc1 Ra8 20.g5 Nh5 21.gxh6 g6 22.Be3  1/2-1/2

[Event "URS-ch otbor"]
[Site "Rostov"]
[Date "1976.??.??"]
[Round "?"]
[White "Kudriashov, Anatoli"]
[Black "Zhidkov, Valery S"]
[Result "1-0"]
[WhiteElo "2380"]
[BlackElo "2495"]

1.e4 c5 2.Nf3 d6 3.d4 cxd4 4.Nxd4 Nf6 5.Nc3 Nc6 6.Bg5 e6 7.Qd2 a6 8.O-O-O h6
9.Bf4 Bd7 10.Nxc6 Bxc6 11.f3 e5 12.Be3 b5 13.g4 Be7 14.Kb1 b4 15.Nd5 Bxd5
16.exd5 e4 17.Be2 exf3 18.Bxf3 Nd7 19.h4 Ne5 20.Be2 Qa5 21.g5 hxg5 22.hxg5 Kd7
23.a3 Rab8 24.axb4 Qa4 25.Rxh8 Rxh8 26.b3 Qa3 27.Qd4 Rb8 28.Qa7+  1-0

[Event "URS-ch otbor"]
[Site "Rostov"]
[Date "1976.??.??"]
[Round "?"]
[White "Taborov, Boris"]
[Black "Zhidkov, Valery S"]
[Result "0-1"]
[WhiteElo "2200"]
[BlackElo "2495"]

1.e4 c5 2.Nf3 Nc6 3.d4 cxd4 4.Nxd4 Nf6 5.Nc3 d6 6.Bg5 Qb6 7.Nb3 e6 8.Qd2 a6
9.O-O-O Be7 10.f4 Qc7 11.Be2 O-O 12.Bxf6 gxf6 13.Rhf1 Kh8 14.Bh5 b5 15.Rf3 b4
16.Ne2 a5 17.Kb1 a4 18.Nbd4 Nxd4 19.Nxd4 Bb7 20.Re1 Qa5 21.f5 b3 22.Qxa5 bxc2+
23.Kxc2 Rxa5 24.Rc3 Re5 25.Bf3 Rc8 26.Rxc8+ Bxc8 27.Kd2 Bb7 28.Re3 d5 29.exd5 Bb4+
30.Ke2 Ba6+ 31.Kf2 Bc5 32.Nc2 exd5 33.b4 axb3 34.axb3 Bd3 35.Kg3 Bxe3 36.Nxe3 Rxe3  0-1

[Event "URS-ch otbor"]
[Site "Rostov"]
[Date "1976.??.??"]
[Round "?"]
[White "Savon, Vladimir A"]
[Black "Podgaets, Mikhail"]
[Result "1/2-1/2"]
[WhiteElo "2545"]
[BlackElo "2460"]

1.e4 c5 2.Nf3 Nc6 3.d4 cxd4 4.Nxd4 Nf6 5.Nc3 d6 6.Bg5 Qb6 7.Nb3 e6 8.Bxf6 gxf6
9.Be2 a6 10.Bh5 Bd7 11.O-O Rg8 12.Kh1 Rg7 13.f4 O-O-O 14.a4 Kb8 15.a5 Qc7
16.Qd2 Bc8 17.Bf3 f5 18.exf5 d5 19.Nd4 Nxa5 20.fxe6 fxe6 21.Ncb5 Nc4 22.Nxc7 Nxd2
23.Ncxe6 Nxf1 24.Rxf1 Bxe6 25.Nxe6 Rc8 26.Nxg7 Bxg7 27.Bxd5 Rxc2 28.b3 h5
29.g3 h4 30.g4 Bb2 31.Bf3 h3 32.g5 Rc1 33.Bd1 Kc7 34.f5 a5 35.f6 b5 36.Be2 Rxf1+
37.Bxf1 a4 38.bxa4 bxa4 39.Bxh3 Kd6 40.Bf1 Bxf6  1/2-1/2

[Event "URS-ch otbor"]
[Site "Rostov"]
[Date "1976.??.??"]
[Round "?"]
[White "Klovans, Janis"]
[Black "Lutikov, Anatoly S"]
[Result "1/2-1/2"]
[WhiteElo "2490"]
[BlackElo "2500"]

1.e4 c5 2.Nf3 Nc6 3.d4 cxd4 4.Nxd4 Nf6 5.Nc3 d6 6.Bg5 Qb6 7.Nb3 e6 8.Qd2 a6
9.O-O-O Qc7 10.f4 b5 11.Kb1 Bb7 12.Bd3 O-O-O 13.Bh4 Be7 14.Bf2 g5 15.g3 Rhg8
16.Qe2 h5 17.Rhe1 Kb8 18.a4 b4 19.Nb5 axb5 20.axb5 d5 21.exd5 Nxd5 22.bxc6 Bxc6
23.f5 exf5 24.Bxf5 Bf6 25.Nc5 Qa5 26.Be4 Bxb2 27.Qa6 Nc3+ 28.Kxb2 Nxd1+ 29.Rxd1 Qa3+
30.Qxa3 bxa3+ 31.Kxa3 Rxd1 32.Bxc6 Rd2 33.Bg1 Rxc2 34.Kb3 Re2 35.Bf3 Re1
36.Bd4 Rd8 37.Bf6 Rd6 38.Bxg5 Rf1 39.Bxh5 Rd5 40.Ne4 Re5 41.Be2 Re1 42.Bf4 Rxe2
43.Bxe5+ Ka8  1/2-1/2

[Event "SWE-ch"]
[Site "SWE"]
[Date "1976.??.??"]
[Round "?"]
[White "Friberg, Hans"]
[Black "Helmertz, Per Inge"]
[Result "1/2-1/2"]
[WhiteElo "2200"]
[BlackElo "2280"]

1.e4 c5 2.Nf3 d6 3.d4 cxd4 4.Nxd4 Nf6 5.Nc3 Nc6 6.Bg5 e6 7.Qd2 a6 8.O-O-O Bd7
9.f4 h6 10.Bh4 Be7 11.Nf3 Qc7 12.Bxf6 Bxf6 13.Qxd6 Qxd6 14.Rxd6 Bxc3 15.bxc3 Ke7
16.Rd2 Rhc8 17.Be2 Rc7 18.Rhd1 Be8 19.Rd3 Rac8 20.Re3 Nb8 21.Kb2 Nd7 22.Nd2 b5
23.Nb1 Nb6 24.Kc1 Na4 25.Kd2 Nb2 26.Rf1 Nc4+ 27.Bxc4 Rxc4 28.a3 a5 29.Rf2 f6
30.Kc1 Bg6 31.f5 Bh7 32.Kb2 R4c5 33.g4 Bg8 34.Rd2 R8c7 35.Rdd3 e5 36.Nd2 b4
37.axb4 axb4 38.Nb1 Rc4 39.Rd2 Ra7 40.Rdd3 bxc3+ 41.Nxc3 Rb4+ 42.Kc1 Bc4
43.Rd1 Rd7 44.Rxd7+ Kxd7 45.Kd2 Kc6 46.Re1 Bf7 47.Ra1 Rd4+ 48.Kc1 Rd7 49.Ra5 Kb6
50.Rb5+ Kc6 51.Rb8 Kc5 52.Rc8+ Kd4 53.Kd2 Bc4 54.Ra8 Bf1 55.Ra4+ Bc4 56.Nb1 Kc5+
57.Ke1 Bb5 58.Ra5 Kb4 59.Ra3 Ba4 60.c3+ Kb5 61.Nd2 Bc2 62.Ke2 Bd3+ 63.Ke3 Bc4
64.Nxc4 Kxc4 65.Ke2 Rb7 66.Ke3 Rd7  1/2-1/2

[Event "SWE-ch"]
[Site "SWE"]
[Date "1976.??.??"]
[Round "?"]
[White "Helmertz, Per Inge"]
[Black "Bengtsson, Bo"]
[Result "1/2-1/2"]
[WhiteElo "2280"]
[BlackElo "2410"]

1.e4 c5 2.Nf3 d6 3.d4 cxd4 4.Nxd4 Nf6 5.Nc3 Nc6 6.Bg5 e6 7.Qd2 a6 8.f4 h6
9.Bxf6 Qxf6 10.Nf3 Qd8 11.O-O-O Qc7 12.f5 Bd7 13.Kb1 Be7 14.g3 O-O-O 15.Bh3 Kb8
16.Nd4 Nxd4 17.Qxd4 Bf6 18.Qxd6 Bxc3 19.Qxc7+ Kxc7 20.fxe6 Bxe6 21.Bxe6 fxe6
22.bxc3 Rxd1+ 23.Rxd1 Rf8 24.Rd2 Rf1+ 25.Kb2 g5 26.Re2 e5 27.Kb3 Kc6 28.Kc4 Rf3
29.a4 h5 30.a5 Rf1 31.Rd2 Re1 32.Kd3 h4 33.gxh4 gxh4 34.Rf2 Ra1 35.Rf6+ Kc7
36.Rh6 Rxa5 37.Rxh4 Ra1 38.Kc4 Rd1 39.Rh7+ Kc6 40.Re7 Rd2 41.h4 b5+ 42.Kb4 Rh2
43.Rxe5 Rxh4 44.Re6+ Kd7 45.Rxa6 Rxe4+ 46.Kxb5 Re2 47.Ra2 Kc7 48.Kc4 Rh2
49.Kb3 Kb6 50.Ra1 Rh3 51.Rg1 Rh4 52.Rg6+ Kc7 53.c4 Rh3+ 54.Kb4 Rh4 55.Kb5 Rh1
56.Rg7+ Kc8 57.c5 Rh6 58.c3 Rf6 59.c4 Rh6 60.Rf7 Rg6 61.Rh7 Rf6 62.Ra7 Rh6
63.Ra6 Rh4 64.Rg6 Kc7 65.Rg7+ Kc8 66.Ra7 Rh6 67.Ra6 Rh4 68.Rc6+ Kb7 69.Rf6 Kc7
70.Rf8 Rh6 71.Rg8 Rf6 72.Rh8 Rg6 73.Ra8 Rh6 74.Ra3 Rg6 75.Ra7+ Kc8 76.Ra6 Rg4
77.Rh6 Kc7 78.Rh7+ Kc8 79.Kb6  1/2-1/2

[Event "SWE-ch"]
[Site "SWE"]
[Date "1976.??.??"]
[Round "?"]
[White "Rorvall, Goran"]
[Black "Schneider, Lars Ake"]
[Result "1/2-1/2"]
[WhiteElo "2200"]
[BlackElo "2365"]

1.e4 c5 2.Nf3 Nc6 3.d4 cxd4 4.Nxd4 Nf6 5.Nc3 d6 6.Bg5 e6 7.Qd2 a6 8.O-O-O Bd7
9.f3 Be7 10.g4 Qc7 11.h4 h5 12.gxh5 Nxh5 13.Bxe7 Nxe7 14.Nde2 Ng6 15.Qxd6 Qxd6
16.Rxd6 Nf6 17.Ng3 Rxh4 18.Rxh4 Nxh4 19.e5 Nd5 20.Nxd5 exd5 21.f4 Bc6 22.Bd3 g6
23.Kd2 Ke7 24.Ne2 g5 25.Nd4 g4 26.Rh6 Nf3+ 27.Nxf3 gxf3 28.Ke3 d4+ 29.Kxd4 Rg8
30.Ke3 Rg1 31.Rh2 Re1+ 32.Kd2 Ra1 33.a3 a5 34.Rf2 f6 35.exf6+ Kxf6 36.Rf1 Rxf1
37.Bxf1 Kf5 38.Ke3 Kg4 39.b4 axb4 40.axb4 Bd7 41.c4 b6 42.Ke4 f2 43.Ke5 Bc8
44.c5 bxc5 45.bxc5 Kh5 46.c6 Kg6 47.Ke4 Be6 48.Ke3 Kf5 49.Ba6 Kg4 50.Ke4 Kh5
51.Bb5 Kg6 52.Ke3 Kf5 53.Bf1 Bd5 54.Bh3+ Kf6 55.c7 Be6 56.Bf1 Ke7 57.Bc4  1/2-1/2

[Event "Vinkovci"]
[Site "Vinkovci"]
[Date "1976.??.??"]
[Round "?"]
[White "Tringov, Georgi P"]
[Black "Bertok, Mario"]
[Result "1-0"]
[WhiteElo "2490"]
[BlackElo "1975"]

1.e4 c5 2.Nf3 d6 3.d4 cxd4 4.Nxd4 Nf6 5.Nc3 Nc6 6.Bg5 e6 7.Qd2 a6 8.O-O-O Bd7
9.f3 Be7 10.h4 Rc8 11.g4 Nxd4 12.Qxd4 Qa5 13.Kb1 h6 14.Bd2 Qc7 15.Qg1 g6
16.g5 hxg5 17.hxg5 Rxh1 18.Qxh1 Nh5 19.f4 b5 20.Bd3 Bc6 21.Qh3 b4 22.Ne2 d5
23.e5 Bb5 24.Bxb5+ axb5 25.Qd3 Qc4 26.Nd4 Bc5 27.Nxb5 Qxd3 28.cxd3 Kd7 29.Rc1 Ng3
30.d4 Be7 31.Rxc8 Kxc8 32.Kc2 Kd7 33.Kb3 Ne2 34.Bxb4 Bxb4 35.Kxb4 Nxf4 36.Nd6 Ne2
37.Kc5 Nc1 38.a4 Nb3+ 39.Kb6 Nxd4 40.a5 Nc6 41.a6 d4 42.Ne4  1-0

[Event "Hoogovens-B"]
[Site "Wijk aan Zee"]
[Date "1976.??.??"]
[Round "8"]
[White "Westerinen, Heikki MJ"]
[Black "Bellin, Robert"]
[Result "1/2-1/2"]
[WhiteElo "2485"]
[BlackElo "2360"]

1.e4 c5 2.Nf3 d6 3.d4 cxd4 4.Nxd4 Nf6 5.Nc3 Nc6 6.Bg5 e6 7.Qd2 a6 8.O-O-O Bd7
9.f4 h6 10.Bh4 g5 11.fxg5 Ng4 12.Nf3 Be7 13.g6 fxg6 14.Bxe7 Qxe7 15.h3 Nge5
16.Qxd6 Nxf3 17.gxf3 Qxd6 18.Rxd6 Ke7 19.Rd2 Raf8 20.Rg2 Ne5 21.Be2 Rf4 22.h4 Rhf8
23.Rh3 Bc6 24.Rgg3 g5 25.hxg5 hxg5 26.Kd2 Rh4 27.Ke3 Kf6 28.Nd1 Rfh8 29.Nf2 Ng6
30.Bf1 e5 31.Rg1 Bd7 32.Rhg3 R4h5 33.Nd3 Rc8 34.c3 Be6 35.a3 a5 36.R3g2 b6
37.Rd2 Rd8 38.Rgg2 Rh1 39.Rgf2 Nf4 40.Ne1 Rxd2 41.Kxd2 Nh3 42.Bxh3 Bxh3 43.b4 axb4
44.axb4 Ke7 45.Nd3 Kd6 46.Ke3 g4 47.Rd2 Ke6 48.fxg4 Bxg4 49.Rg2 Rh3+ 50.Kd2 Rh4
51.Nf2 Bh5 52.Rg5 Bf7 53.Ng4 Rh5 54.Rxh5 Bxh5 55.Ne3 b5 56.Nd5 Kd6 57.Ke3 Bf7
58.Nf6 Bb3 59.Kd2 Bf7 60.Ng4 Be6 61.Ne3 Kc6 62.Kd3 Ba2 63.Kc2 Bg8 64.Nf1 Be6
65.Nd2 Bf7 66.Nb3 Be6 67.Na5+ Kb6 68.Kd3 Ba2 69.Ke3 Bg8 70.Kf3 Bf7 71.Kg4 Bg6
72.Kg5 Bxe4 73.Kf6 Kc7 74.Kxe5 Bg2 75.Ke6 Bf3 76.Nb3 Bg2 77.Nd4 Kb6 78.Kd6 Ka6
79.Kc5 Bf1 80.Ne6 Kb7 81.Nf4 Bc4 82.Nd5 Bf1 83.Nf6 Be2 84.Ne8 Bf1 85.Nd6+ Ka6
86.Kc6 Bg2+ 87.Kc7 Bf3 88.Nf7 Bd5 89.Ne5 Bh1 90.Nd7 Bg2 91.Kd6 Bf3 92.Nf6 Kb6
93.Nd5+ Kb7 94.Kc5 Be2  1/2-1/2

[Event "Yerevan"]
[Site "Yerevan"]
[Date "1976.??.??"]
[Round "?"]
[White "Ostojic, Predrag"]
[Black "Tukmakov, Vladimir B"]
[Result "1/2-1/2"]
[WhiteElo "2495"]
[BlackElo "2490"]

1.e4 c5 2.Nf3 Nc6 3.d4 cxd4 4.Nxd4 Nf6 5.Nc3 d6 6.Bg5 e6 7.Qd2 a6 8.O-O-O h6
9.Bf4 Bd7 10.Nxc6 Bxc6 11.f3 Qb6 12.Bc4 O-O-O 13.Bb3 Be7 14.Rhe1 Rhe8 15.Kb1 Qc7
16.a3 Bf8 17.h4 Be7 18.g4 Nd7 19.Bxd6 Bxd6 20.Qxd6 Qxd6 21.Rxd6 Ne5 22.Rxd8+ Rxd8
23.Rf1 Rd2 24.g5 Ng6 25.f4 Nxh4 26.gxh6 gxh6 27.Rh1 Nf5 28.Rh3 Nd4 29.Bc4 Rf2
30.f5 exf5 31.exf5 Nxf5 32.Bxf7 Nd4 33.Bg6 Rf1+ 34.Ka2 Rh1 35.Rd3 Nxc2 36.Nd5 Kb8
37.Ne7 Bb5 38.Rd2 Ne3 39.b3 Re1 40.Ng8 Rg1 41.Bf7 Rh1 42.a4 Bc6 43.Ne7 Bf3
44.Bg6 h5 45.Rd8+ Kc7 46.Rd3 Rh2+ 47.Kb1 Re2 48.Bxh5 Re1+ 49.Ka2 Be4 50.Rd2 a5
51.Bg6  1/2-1/2

[Event "Yerevan"]
[Site "Yerevan"]
[Date "1976.??.??"]
[Round "?"]
[White "Ostojic, Predrag"]
[Black "Csom, Istvan"]
[Result "0-1"]
[WhiteElo "2495"]
[BlackElo "2490"]

1.e4 c5 2.Nf3 d6 3.d4 Nf6 4.Nc3 cxd4 5.Nxd4 Nc6 6.Bg5 e6 7.Qd2 a6 8.O-O-O h6
9.Be3 Bd7 10.f3 Qc7 11.g4 b5 12.Nxc6 Bxc6 13.Qd4 Nd7 14.a3 Qb7 15.Be2 a5
16.Nd5 Nc5 17.b4 Na4 18.Nc3 axb4 19.axb4 e5 20.Qd3 Nxc3 21.Qxc3 Be7 22.Kb2 O-O
23.Ra1 d5 24.Bc5 d4 25.Qb3 Bxc5 26.bxc5 Qe7 27.Qb4 Ra4 28.Rxa4 bxa4 29.Qb6 Rc8
30.Ba6 Rc7 31.c3 dxc3+ 32.Kxc3 Be8 33.Kb4 Rc6 34.Qb5 Qe6 35.Ka5 Qd7 36.Bb7 Qd8+
37.Kxa4 Rxc5  0-1

[Event "Yerevan"]
[Site "Yerevan"]
[Date "1976.??.??"]
[Round "?"]
[White "Savon, Vladimir A"]
[Black "Csom, Istvan"]
[Result "1-0"]
[WhiteElo "2545"]
[BlackElo "2490"]

1.e4 c5 2.Nf3 d6 3.d4 cxd4 4.Nxd4 Nf6 5.Nc3 Nc6 6.Bg5 e6 7.Qd3 a6 8.f4 Be7
9.O-O-O Bd7 10.Nb3 Qc7 11.Bxf6 gxf6 12.Be2 h5 13.Qh3 b5 14.f5 b4 15.fxe6 fxe6
16.Bxh5+ Kd8 17.Ne2 a5 18.Nbd4 Nxd4 19.Nxd4 Qc5 20.g4 a4 21.Kb1 Ra5 22.Qd3 Bf8
23.Rhf1 Ke7 24.e5 fxe5 25.Qg6 Kd8 26.Nxe6+ Bxe6 27.Qxe6 Kc7 28.Rf7+ Kb6 29.Qd7 Qc6
30.Qd8+ Ka6 31.Rc7  1-0

[Event "Yerevan"]
[Site "Yerevan"]
[Date "1976.??.??"]
[Round "?"]
[White "Vasiukov, Evgeni"]
[Black "Csom, Istvan"]
[Result "0-1"]
[WhiteElo "2580"]
[BlackElo "2490"]

1.e4 c5 2.Nf3 d6 3.Nc3 Nc6 4.d4 cxd4 5.Nxd4 Nf6 6.Bg5 e6 7.Qd2 a6 8.O-O-O h6
9.Bf4 Bd7 10.Nxc6 Bxc6 11.f3 d5 12.Qe1 Bb4 13.a3 Ba5 14.Bc4 O-O 15.Bb3 d4
16.Qf2 Bb6 17.Ne2 Nh5 18.Bd2 Bb5 19.g4 d3 20.Be3 Qg5 21.f4 d2+ 22.Rxd2 Bxe3
23.Qxe3 Qxg4 24.Rg1 Qh4 25.f5 Bxe2 26.Qxe2 exf5 27.exf5 Rae8 28.Qd1 Re5 29.Kb1 Rxf5
30.Rd4 Nf4 31.Qd2 Rf6 32.h3 Re8 33.Ka2 g5 34.Rd7 Ne2 35.Rd1 b5 36.Rd6 Qf2
37.Rxf6 Qxf6 38.Re1 Qf2 39.Qd7 Nc3+ 40.bxc3 Rxe1 41.Qc8+ Kg7 42.Qxa6 Qf6
43.Qxf6+ Kxf6 44.c4 bxc4 45.Bxc4 h5 46.a4 g4 47.hxg4 hxg4 48.Bd5 g3  0-1

[Event "URS-FL"]
[Site "Baku"]
[Date "1977.??.??"]
[Round "8"]
[White "Kuzmin, Gennadi P"]
[Black "Tukmakov, Vladimir B"]
[Result "1-0"]
[WhiteElo "2550"]
[BlackElo "2540"]

1.e4 c5 2.Nf3 d6 3.d4 cxd4 4.Nxd4 Nf6 5.Nc3 Nc6 6.Bg5 e6 7.Qd2 a6 8.O-O-O Bd7
9.f4 b5 10.Bxf6 gxf6 11.Nxc6 Bxc6 12.Qe1 Qa5 13.Kb1 O-O-O 14.Bd3 Kb8 15.Qh4 Qc7
16.f5 Be7 17.Qh5 Rdf8 18.Rhf1 Bd8 19.Ne2 Qe7 20.Nd4 Bb7 21.fxe6 fxe6 22.Qh3 Re8
23.Be2 Bb6 24.a4 bxa4 25.Qa3 Qd7 26.Rxf6 Rhf8 27.e5 Bc5 28.Qc3 Rxf6 29.exf6 e5
30.Nf3 Qf5 31.Qa5 Rc8 32.Qxa4 Ka7 33.Nd2 Qxf6 34.Ne4 Qg6 35.Bf3 d5 36.Rxd5 Bc6
37.Rd7+ Kb8 38.Qb3+ Bb5 39.Nd6 Rc7 40.Rd8+  1-0

[Event "Tungsram"]
[Site "Budapest"]
[Date "1977.??.??"]
[Round "?"]
[White "Ostojic, Predrag"]
[Black "Csom, Istvan"]
[Result "1/2-1/2"]
[WhiteElo "2480"]
[BlackElo "2535"]

1.e4 c5 2.Nf3 Nc6 3.d4 cxd4 4.Nxd4 Nf6 5.Nc3 d6 6.Bg5 e6 7.Qd2 a6 8.O-O-O h6
9.Bf4 Bd7 10.Nxc6 Bxc6 11.f3 d5 12.Qe1 Bb4 13.a3 Ba5 14.b4 Bb6 15.Bc4 O-O
16.exd5 exd5 17.Qh4 Re8 18.Rhe1 d4 19.Be5 Nd7 20.Qf4 Nxe5 21.Rxe5 Qc7 22.Rxe8+ Rxe8
23.Qxc7 Bxc7 24.Ne2 Bxh2 25.Nxd4 Bd7 26.Bd5 Bc8 27.c4 Bc7 28.Kd2 Rd8 29.Re1 Kf8
30.a4 h5 31.a5 g6 32.Kc3 Re8 33.Rxe8+ Kxe8 34.Nb3 Ke7 35.Nc5 b6 36.axb6 Bxb6
37.Nb3 h4 38.c5 Bc7 39.Kc4 f5 40.Nd4 g5  1/2-1/2